| 000 | 02203cam a2200169 4500500 | ||
|---|---|---|---|
| 005 | 20260208010931.0 | ||
| 041 | _afre | ||
| 042 | _adc | ||
| 100 | 1 | 0 |
_aBarthas, Jérémie _eauthor |
| 245 | 0 | 0 | _aSebastiano Timpanaro, La Genèse de la méthode de Lachmann, traduction par Aude Cohen-Skalli et Alain Segonds, Paris, Les Belles Lettres, coll. « L’Âne d’or », 2016, xxviii-246 p., 29 €. |
| 260 | _c2017. | ||
| 500 | _a84 | ||
| 520 | _aLa conception de l’unité de la volonté et des émotions défendue par Brentano peut apporter une contribution éclairante et novatrice en philosophie de l’esprit et des émotions. Brentano insiste en effet sur la nature essentiellement évaluative du désir et sur son caractère sui generis, irréductible à des modes perceptuels ou judicatifs, position qui s’explique par une approche attitudinale du désir. Mais unité n’est pas identité, et cette conception de la troisième classe d’actes mentaux permet aussi de différencier les phénomènes volitifs des phénomènes strictement affectifs, ce qui préserve l’unité de cette troisième classe tout en permettant de répondre à certaines objections formulées contre la conception brentanienne des émotions. | ||
| 520 | _aThe conception of the unity of will and emotions advocated by Brentano might prove an enlightening and innovative contribution to the philosophy of mind and the philosophy of emotions. Brentano indeed emphasizes both the essentially evaluative nature of desire and its sui generis character, which is irreducible to perceptual or cognitive modes, a position that draws on an attitudinal account of desire. But unity does not mean identity, and this conception of the third class of mental acts also enables one to distinguish volitional phenomena from purely affective phenomena, thereby preserving the unity of the third class whilst allowing one to answer some objections raised against the Brentanian conception of emotions. | ||
| 786 | 0 | _nRevue philosophique de la France et de l'étranger | 142 | 4 | 2017-11-24 | p. 597m-601m | 0035-3833 | |
| 856 | 4 | 1 | _uhttps://shs.cairn.info/revue-philosophique-2017-4-page-597m?lang=fr&redirect-ssocas=7080 |
| 999 |
_c1658941 _d1658941 |
||